| 000 | 00620nam a2200217Ia 4500 | ||
|---|---|---|---|
| 005 | 20241129110009.0 | ||
| 008 | 241129s9999||||xx |||||||||||||| ||und|| | ||
| 020 | _a978-0-7453-4014-2 | ||
| 037 | _aTB | ||
| 040 |
_aARTS _beng _cARTS |
||
| 041 |
_aeng _2eng |
||
| 084 |
_aY33:434.687 R3 _qARTS |
||
| 100 |
_aNeumark Tom Au. _9726790 |
||
| 245 | 0 |
_aCaring cash: free money and the ethics of solidarity in Kenya _cNeumark Tom Au. |
|
| 260 |
_aUK _bPluto Press _c2023 |
||
| 300 | _axiv,209p. | ||
| 365 |
_aUKP _b19.99 |
||
| 650 | _aSociology | ||
| 942 |
_cTB _hY33:434.687 R3 |
||
| 999 |
_c1226922 _d1226922 |
||